Hogwarts Defense Against the Dark Arts Exam Quiz Stats

 Plays Quiz Updated Sep 6, 2016

Challenge
Share
Tweet
Score 0/21 Timer 03:00
3 Plays Today
% Correct
Crucio
98%
Avada Kedavra
98%
Imperio
96.8%
Expelliarmus
95.3%
Stupefy
93.5%
Wardrobe
92.1%
Immobilus
90.5%
Cupboard
90.5%
Grindylow
89%
Kelpie
87.4%
Protego
86.9%
% Correct
Impedimenta
86.7%
Desk
85.6%
Expecto Patronum
85.5%
3. True
83.1%
2. True
79.5%
5. True
79.5%
Eyes
77.2%
Kappa
76.2%
Chocolate
74%
Happiness
68.4%

You're not logged in!

Compare scores with friends on all Sporcle quizzes.
Join for Free
OR
Log In

You Might Also Like...

Show Comments

Extras

Top Quizzes Today


Score Distribution

Your Account Isn't Verified!

In order to create a playlist on Sporcle, you need to verify the email address you used during registration. Go to your Sporcle Settings to finish the process.

Report this User

Report this user for behavior that violates our Community Guidelines.

Details: